| 000 | 00752nam a2200217Ia 4500 | ||
|---|---|---|---|
| 003 | GCL | ||
| 008 | 140319s9999 xx 000 0 ara d | ||
| 040 |
_aGCL / _cGCL |
||
| 082 | 0 | 4 |
_a415.1 _bخ ش |
| 100 | 1 | _aالخوارزمى صدر الافاضل , القاسم | |
| 245 | 1 | 0 |
_aشرح المفصل فى صنعة الاعراب الموسوم بالتحضير / _cالخوارزمى صدر الافاضل , القاسم |
| 260 |
_a[S.N] : _bدار الغرب الاسلامى ، _c1990 |
||
| 300 | _aمتعدد | ||
| 490 | _a | ||
| 650 | 0 | 4 | _aالنحو |
| 650 | 0 | 4 | _aاللغة العربية |
| 650 | 0 | 4 | _aالبلاغة العربية |
| 650 | 0 | 4 | _aالجملة الاسمية |
| 650 | 0 | 4 | _aالجملة الفعلية |
| 942 |
_2ddc _cBK |
||
| 999 |
_c27633 _d27633 |
||